000 00998nam a22002417a 4500
999 _c63957
_d63957
005 20240530110707.0
008 180123s2015 ua ak g b 000 0 ara d
020 _a9789777610148
040 _aEG-CaGPL
_cEG-CaGPL
082 0 4 _221
_a352.3 /
_bأ م
100 0 _aاشرف ابراهيم سليمان
245 1 0 _aمبادئ علم الادارة والعمل الشرطى :
_bدراسة تطبيقية على اعمال الامن /
_cاشرف ابراهيم سليمان
250 _aط. 1
260 _aالقاهرة :
_bالمركز القومى للاصدارات القانونية،
_c2015.
300 _a210 ص. :
_bايض ؛
_c24 سم.
504 _aيشتمل على ارجاعات ببليوجرافية
650 0 7 _2qrmak
_aالشرطة
_xتنظيم وادارة
650 0 7 _2qrmak
_aالامن القومى
650 0 7 _2qrmak
_aالامن القومى
_xقوانين وتشريعات
651 _2qrmak
942 _2ddc
_cBK